000
00338nam a2200121Ia 4500
008
151015s9999 xx 000 0 und d
050
_a
PS3569.H3927.A7 1997
245
_a
Sheldon Sidney
250
_a
_The best laid plans
300
_a
New York WIlliam Morron and company 1997
650
_a
_Novel
700
_a
^d20130429 12:52:07^oanne
999
_c
3997
_d
3997